书目信息 |
| 题名: |
C#高级编程
|
|
| 作者: | 格林 , 内格尔 , 伊夫杰 著 ;李敏波 翻译 | |
| 分册: | ||
| 出版信息: | 北京 清华大学出版社 2006.10 |
|
| 页数: | 24, 1191页 | |
| 开本: | 26cm | |
| 丛书名: | ||
| 单 册: | ||
| 中图分类: | TP312C | |
| 科图分类: | ||
| 主题词: | C语言--C yu yan--程序设计 | |
| 电子资源: | ||
| ISBN: | 7-302-13803-6 | |
| 000 | 01130nam0 2200301 450 | |
| 001 | 012007692439 | |
| 005 | 20080229172245.81 | |
| 010 | @a7-302-13803-6@dCNY128.00 | |
| 100 | @a20070416d2006 km y0chiy0120 ea | |
| 101 | 1 | @achi@ceng |
| 102 | @aCN@b110000 | |
| 105 | @aa z 000yy | |
| 200 | 1 | @aC#高级编程@AC#gao ji bian cheng@f(美) Christian Nagel,Bill Evjen,Jay Glynn等著@F(mei)Christian Nagel,Bill Evjen,Jay Glynn deng zhu@g李敏波翻译@Gli min bo fan yi |
| 210 | @a北京@c清华大学出版社@d2006.10 | |
| 215 | @a24, 1191页@c图@d26cm | |
| 305 | @a据原书第4版译出 | |
| 306 | @aJohn Wiley & Sons, Inc.授权出版 | |
| 312 | @a英文统一题名取自封面 | |
| 330 | @a本书分为八部分:C#语言、.NET环境、数据、Windows应用程序、Web应用程序、通信、交互操作、Windows基本服务等。 | |
| 500 | 10 | @aProfessional C# 2005@mChinese |
| 606 | 0 | @aC语言@AC yu yan@x程序设计 |
| 690 | @aTP312C@v4 | |
| 701 | 1 | @a格林@Age lin@g(Jay, Glynn)@4著 |
| 701 | 1 | @a内格尔@Anei ge er@g(Christian, Nagel)@4著 |
| 701 | 1 | @a伊夫杰@Ayi fu jie@g(Evjen, Bill)@4著 |
| 702 | 0 | @a李敏波@Ali min bo@4翻译 |
| 801 | 0 | @aCN@c20080229 |
| 905 | @dTP312C@eN300 | |
| C#高级编程/(美) Christian Nagel,Bill Evjen,Jay Glynn等著/李敏波翻译.-北京:清华大学出版社,2006.10 |
| 24, 1191页:图;26cm |
| ISBN 7-302-13803-6:CNY128.00 |
| 本书分为八部分:C#语言、.NET环境、数据、Windows应用程序、Web应用程序、通信、交互操作、Windows基本服务等。 |
| ● |
| 相关链接 |
|
|
|
正题名:C#高级编程
索取号:TP312C/N300
 
预约/预借
| 序号 | 登录号 | 条形码 | 馆藏地/架位号 | 状态 | 备注 |
| 1 | 240903 | 202409036 | 自科库301/301自科库 54排4列5层/ [索取号:TP312C/N300] | 在馆 | |
| 2 | 479069 | 204790690 | 计算机与数据科学学院资料室/ [索取号:TP312C/N300] | 在馆 |